1039 1757 1705 1376 1313 1162 1312 1497 1485 1170 1379 1236 1319 1815 1682 1138 1215 1839 1529 1905 1345 1728 1415 1082 1912 1664 1470 1224 1024 1230 1177 1428 1263 1311 1482 1636 1283 1485 1589 1599 1820 1791 1163 1079 1054 1895 1679 1624 1590 1735 1150 1900 1734 1132 1953 1823 1994 1061 1629 1344 1452 1915 1561 1072 1472 1223 1177 1056 1508 1233 1920 1231 1670 1069 1435 1981 1651 1017 1433 1363 1897 1528 1709 1986 1775 1677 1274 1608 1201 1242 1089 1523 1118 1953 1630 1456 1903 1601 1570 BCNSPRNW ULIB Ver.6.0+V

เปลี่ยนเป็นภาษาไทย

Change to English
 แสดงรายละเอียดบรรณานุกรม
  กลับหน้าหลัก

Brief Record : Get Marc (ISO 2709) : E-mail record : QR code < ปิดหน้าต่าง
LEADER : 00000nam 2200000uu 4500
001    13399111297
003     ULIB
008    110622s2544||||th 000 0 tha d
020    9748212408
020    9789748212401
050  4 BF724^bอ376ว 2544
100 0  อรสม สุทธิสาคร
245 10 เด็กพันธุ์ใหม่...วัย X :^bclick ชีวิตวัยรุ่นไทยยุคปี 2000 /^cอรสม สุทธิสาคร
250    พิมพ์ครั้งที่ 6
260    กรุงเทพฯ :^bสารคดี,^c2544
300    175 หน้า ;^c21 ซม.
650  7 ปัญหาสังคม
650  7 วัยรุ่น^xการดำเนินชีวิต
650  7 วัยรุ่น^zไทย
650  7 เยาวชน^zไทย
945    ^p190^l0^i015964
995    ทศพร
999 ^a ใช้งานได้ทุกระบบ
รายการนี้ยังไม่มีแท็ก
คุณยังไม่ได้ล็อกอิน คุณสามารถมีกิจกรรมร่วมกับเว็บไซต์ได้ แต่ต้องล็อกอินก่อน ::
  ล็อกอิน

รายการสื่อสารสนเทศ

ลำดับที่ ประเภท เลขเรียก/บาร์โค้ด สถานที่ สถานะ
- ไม่พบข้อมูล -

รายการใกล้เคียง
    ผู้แต่ง [อรสม สุทธิสาคร]

    หัวเรื่อง [ปัญหาสังคม]

BibComment


ยังไม่เคยถูกคอมเมนท์

คอมเมนท์ทรัพยากรรายการนี้
  คอมเมนท์: เด็กพันธุ์ใหม่วัย..


 Copyright 2026. Bcnsprnw @Library